| 000 | 01803nam a2200505 i 4500 | ||
|---|---|---|---|
| 001 | 25792 | ||
| 003 | KOSZ 005 | ||
| 005 | 20200721093025.0 | ||
| 008 | 200721s1974 pl a f 000 0 pol | ||
| 015 | _aUWD 1974/1788 | ||
| 035 | _a991027873909705066 | ||
| 035 | _a(PL-WaBN)b17551559-48omnis_nlop | ||
| 035 | _ab17551559 | ||
| 035 | _a(OCoLC)751315862 | ||
| 035 | _a(PL)b0000001755155 | ||
| 035 | _a(EXLNZ-48OMNIS_NETWORK)9910448055905606 | ||
| 040 |
_aWA N _cWA N _dKOSZ 005/RW |
||
| 046 | _k1974 | ||
| 080 | _a725 | ||
| 080 | _a69 | ||
| 080 | _a(07) | ||
| 100 | 1 |
_aArct, Zdzisław _d(1923-1986) _eAutor |
|
| 245 | 1 | 0 |
_aProjektowanie architektoniczne zakładów przemysłowych / _cZdzisław Arct. |
| 260 |
_aWarszawa : _b"Arkady", _c1974. |
||
| 300 |
_a293, [2] strony : _bilustracje, mapy, wykresy ; _c25 cm. |
||
| 336 |
_aTekst _btxt _2rdacontent |
||
| 337 |
_aBez urządzenia pośredniczącego _bn _2rdamedia |
||
| 338 |
_aWolumin _bnc _2rdacarrier |
||
| 380 | _aKsiążki | ||
| 380 | _aPublikacje fachowe | ||
| 380 | _aPublikacje dydaktyczne | ||
| 385 |
_mPoziom nauczania _aSzkoły wyższe |
||
| 388 | 1 | _a1901-2000 | |
| 388 | 1 | _a1945-1989 | |
| 504 | _aBibliografia na stronach 290-[294]. | ||
| 521 | 8 | _aKsiążka jest podręcznikiem dla studentów wyższych uczelni technicznych ; może być ponadto wykorzystana przez projektantów przy planowaniu i projektowaniu zakładów przemysłowych. | |
| 650 | 7 |
_aBudownictwo przemysłowe _2DBN |
|
| 650 | 7 | _aProjekty | |
| 655 | 7 | _aPodręcznik | |
| 658 | _aArchitektura i budownictwo | ||
| 710 | 2 |
_aWydawnictwo Arkady _4pbl |
|
| 856 |
_uhttp://koha.tu.koszalin.pl/cgi-bin/koha/opac-detail.pl?biblionumber=25792 _yKatalog online BPK |
||
| 942 |
_2UKD _cKS |
||
| 999 |
_c25792 _d25792 |
||